Thirda parasana singulara nambara = (Record no. 3138)

MARC details
000 -LEADER
fixed length control field 01116cgm a2200241 4500
001 - CONTROL NUMBER
control field 3834
005 - DATE AND TIME OF LATEST TRANSACTION
control field 20181127172102.0
007 - PHYSICAL DESCRIPTION FIXED FIELD--GENERAL INFORMATION
fixed length control field vd cvaizu
008 - FIXED-LENGTH DATA ELEMENTS--GENERAL INFORMATION
fixed length control field 110217s2009 bg 123 g vlben
010 ## - LIBRARY OF CONGRESS CONTROL NUMBER
LC control number 2011312460
041 ## - LANGUAGE CODE
Language code of text/sound track or separate title ben
Language code of subtitles or captions eng
043 ## - GEOGRAPHIC AREA CODE
Geographic area code a-bg---
245 00 - TITLE STATEMENT
Title Thirda parasana singulara nambara =
Remainder of title Third person singular number /
Statement of responsibility, etc. Fahim Music prayojita ; citranatya, paricalana, Mostapha Sarayara Pharuki.
246 3# - VARYING FORM OF TITLE
Title proper/short title Third person singular number
260 ## - PUBLICATION, DISTRIBUTION, ETC.
Place of publication, distribution, etc. Dhaka :
Name of publisher, distributor, etc. Fahim Music,
Date of publication, distribution, etc. 2009.
300 ## - PHYSICAL DESCRIPTION
Extent 1 videodisc (DVD) (ca. 123 min.) :
Other physical details sd., col. ;
Dimensions 4 3/4 in.
500 ## - GENERAL NOTE
General note Copyright notice on disc: Fahim Music.
General note Originally released theatrically in 2009.
508 ## - CREATION/PRODUCTION CREDITS NOTE
Creation/production credits note Samgita, Habiba ; citragrahana, Subrata Ripana.
511 1# - PARTICIPANT OR PERFORMER NOTE
Participant or performer note Nusrat Imroz Tisha, Mosharraf Karim, Rashed Uddin Ahmed Topu, Abul Hayat.
520 ## - SUMMARY, ETC.
Summary, etc. A woman breaks with traditional Muslim culture by living with her boyfriend before getting married, but when the relationship ends, she must face the harsh consequences of being an outcast in her community.
546 ## - LANGUAGE NOTE
Language note In Bengali with English subtitles.
Holdings
Withdrawn status Lost status Damaged status Not for loan Collection code Home library Current library Shelving location Serial Enumeration / chronology Total Checkouts Full call number Barcode Date last seen Price effective from Koha item type
        Desk RTC Library RTC Library Desk   DVD THIDESK 30006272 27/11/2018 27/11/2018 Desk (DVD/CD)
Royal Thimphu College || All Right Reserved